ՀՀ Գիտությունների ազգային ակադեմիայի հիմնարար գիտական գրադարան  =   Fundamental Scientific Library of NAS RA

Երեխայի քունը / (Record no. 219082)

MARC details
000 -LEADER
fixed length control field 00730nam a2200205 u 4500
001 - CONTROL NUMBER
control field 000561676
003 - CONTROL NUMBER IDENTIFIER
control field AM-YeHGA
005 - DATE AND TIME OF LATEST TRANSACTION
control field 20250618073240.0
008 - FIXED-LENGTH DATA ELEMENTS--GENERAL INFORMATION
fixed length control field 071218s1906 gs r 000 0 arm d
040 ## - CATALOGING SOURCE
Original cataloging agency AM-YeHGA
041 1# - LANGUAGE CODE
Language code of text/sound track or separate title arm
Language code of original rus
090 ## - LOCALLY ASSIGNED LC-TYPE CALL NUMBER (OCLC); LOCAL CALL NUMBER (RLIN)
-- 220611
100 1# - MAIN ENTRY--PERSONAL NAME
Personal name Վիրենիուս, Ա.
245 10 - TITLE STATEMENT
Title Երեխայի քունը /
Statement of responsibility, etc. Ա. Վիրենիուս; Թարգմ.՝ Ստ. Լիսիցեան.
260 ## - PUBLICATION, DISTRIBUTION, ETC.
Place of publication, distribution, etc. Թիֆլիս :
Name of publisher, distributor, etc. տպ. Հերմէս,
Date of publication, distribution, etc. 1906.
300 ## - PHYSICAL DESCRIPTION
Extent 53 էջ ;
Dimensions 16 սմ.
440 #0 - SERIES STATEMENT/ADDED ENTRY--TITLE
Title Հասկերի մանկավարժական գրադարան
Volume/sequential designation II
650 14 - SUBJECT ADDED ENTRY--TOPICAL TERM
Topical term or geographic name entry element Երեխաների հիգիենա
9 (RLIN) 4566
700 1# - ADDED ENTRY--PERSONAL NAME
Personal name Լիսիցյան, Ստեփան Դանիելի,
Dates associated with a name 1865-1947
Relator term թարգմ.
Relationship trl
9 (RLIN) 1382
Holdings
Withdrawn status Lost status Damaged status Not for loan Collection Home library Current library Date acquired Cost, normal purchase price Total checkouts Full call number Barcode Date last seen Price effective from Koha item type Public note
        General Fundamental Scientific Library Fundamental Scientific Library 28/12/2016 15.00   AI/4649 FL0039808 28/12/2016 28/12/2016 Գրքեր / Books 30 Days Loan


ՀՀ ԳԱԱ հիմնարար գիտական գրադարան
ՀՀ,Երևան 0019
Մարշալ Բաղրամյան 24/6
հեռախոս:(374-10) 52-47-50
Հետադարձ կապ

All site content, except where otherwise noted, is licensed under a
Creative Commons License